Los adioses de Juan Carlos Onetti un modelo de escritura hermética abierta /

保存先:
書誌詳細
第一著者: Petit, María Ángelica
フォーマット: 不明
言語:Spanish
主題:
タグ: タグ追加
タグなし, このレコードへの初めてのタグを付けませんか!

MARC

LEADER 000000000a22000000004500
001 002772
041 0 |a spa 
100 1 |a Petit, María Ángelica 
245 1 4 |a Los adioses de Juan Carlos Onetti un modelo de escritura hermética abierta /   |c María Ángelica Petit. 
310 |a trimestral 
650 4 |a ONETTI, JUAN CARLOS, 1909-1994 
650 4 |a LOS ADIOSES 
650 4 |a CRITICA LITERARIA 
773 0 |d Estados Unidos : Instituto Internacional de Literatura  |t Revista Iberoamericana  |g volumen LVIII, número 160-161 (1992), páginas 1117-1132 
942 |c ARC 
999 |c 9953  |d 9953